[Event "COL-chT"]
[Site "Risaralda"]
[Date "2023.11.22"]
[Round "6.3"]
[White "Casagua, Misael"]
[Black "Rico, Oswaldo"]
[Result "1-0"]
[WhiteElo "1985"]
[BlackElo "1975"]
[PlyCount "71"]
[EventDate "2023.11.19"]
[EventType "team-swiss"]
[EventRounds "7"]
[EventCountry "COL"]
[SourceTitle "CB49_2023"]
[SourceDate "2023.12.06"]
[SourceVersion "1"]
[SourceVersionDate "2023.12.06"]
[SourceQuality "1"]
[WhiteTeam "Huila"]
[BlackTeam "Casanare"]
[WhiteTeamCountry "COL"]
[BlackTeamCountry "COL"]

1. d4 d5 2. Nf3 Nf6 3. e3 c6 4. Bd3 Bg4 5. Nbd2 Nbd7 6. h3 Bh5 7. g4 Bg6 8. Qe2 e6 9. e4 dxe4 10. Nxe4 Nxe4 11. Bxe4 Bxe4 12. Qxe4 Nf6 13. Qe2 h6 14. Bd2 Qc7 15. 0-0-0 0-0-0 16. Kb1 Bd6 17. Rhg1 Nd5 18. Ne5 Rhe8 19. c4 Bxe5 20. dxe5 Ne7 21. f4 c5 22. Bc3 g6 23. Qf2 b6 24. Qf3 Qb7 25. Qxb7+ Kxb7 26. Kc2 Kc6 27. Ra1 Rd7 28. a3 Red8 29. Rg3 a5 30. b3 Kb7 31. Rf1 h5 32. Re1 hxg4 33. hxg4 Nc6 34. Rh3 Nd4+ 35. Kb2 Kc7 36. Re4 1-0

[Event "COL-chT"]
[Site "Risaralda"]
[Date "2023.11.20"]
[Round "3.3"]
[White "Guayara Diaz, William Alonso"]
[Black "Casagua, Misael"]
[Result "0-1"]
[WhiteElo "1863"]
[BlackElo "1985"]
[PlyCount "146"]
[EventDate "2023.11.19"]
[EventType "team-swiss"]
[EventRounds "7"]
[EventCountry "COL"]
[SourceTitle "CB49_2023"]
[SourceDate "2023.12.06"]
[SourceVersion "1"]
[SourceVersionDate "2023.12.06"]
[SourceQuality "1"]
[WhiteTeam "Narino"]
[BlackTeam "Huila"]
[WhiteTeamCountry "COL"]
[BlackTeamCountry "COL"]

1. d4 d5 2. Bf4 Nf6 3. e3 c5 4. Nf3 Nc6 5. Nbd2 Bg4 6. h3 Bxf3 7. Nxf3 e6 8. c3 c4 9. Be2 Bd6 10. 0-0 0-0 11. b3 Bxf4 12. exf4 b5 13. Ne5 Ne7 14. Bf3 Nf5 15. g3 Nd6 16. Qc2 Qc7 17. b4 a5 18. a3 Ra6 19. Ng4 Nfe4 20. Kg2 Rfa8 21. Bxe4 Nxe4 22. f3 Nd6 23. Rab1 axb4 24. axb4 Nf5 25. Rfe1 h5 26. Ne3 Ra2 27. Rb2 Ra1 28. Re2 g6 29. Nxf5 gxf5 30. Re5 Qd8 31. h4 Kh8 32. Qd2 Qf6 33. Re1 R1a3 34. Qc2 Rg8 35. Kf2 Qg7 36. Rg1 Rga8 37. Rc1 R3a6 38. Re1 Qf6 39. Qe2 Ra3 40. Qc2 Kg7 41. Rc1 Qe7 42. Rg1 R8a6 43. Ke3 Qa7 44. Kf2 Kf8 45. Rd1 Ra2 46. Rdb1 R6a3 47. Kg2 Qa4 48. Qc1 Rxb2+ 49. Rxb2 Ra1 50. Qc2 Qa3 51. Qd2 Ke8 52. g4 fxg4 53. fxg4 hxg4 54. f5 Rd1 55. Qc2 Qa1 56. Qf2 Rg1+ 57. Qxg1 Qxb2+ 58. Kg3 Qxc3+ 59. Kxg4 exf5+ 60. Kf4 Qd3 61. Ke5 Qe4+ 62. Kd6 Qe6+ 63. Kc5 Kd7 64. Kxb5 Qc6+ 65. Ka5 Qa8+ 66. Kb5 Qb7+ 67. Ka5 Qa8+ 68. Kb6 Qc6+ 69. Ka5 Qa8+ 70. Kb5 Qc6+ 71. Ka5 Qa8+ 72. Kb5 Qb7+ 73. Ka5 Qc6 0-1

[Event "Rivera Huila Hernandez Memorial-B"]
[Site "Rivera Huila"]
[Date "2023.07.23"]
[Round "6"]
[White "Bernal Perdomo, Francisco Jose"]
[Black "Casagua, Misael"]
[Result "1-0"]
[WhiteElo "1732"]
[BlackElo "2026"]
[PlyCount "83"]
[EventDate "2023.07.20"]
[EventType "swiss"]
[EventRounds "7"]
[EventCountry "COL"]
[SourceTitle "CBM 215 Extra"]
[Source "ChessBase"]
[SourceDate "2023.09.30"]
[SourceVersion "1"]
[SourceVersionDate "2023.09.30"]
[SourceQuality "1"]

1. e4 e5 2. Nf3 Nc6 3. Bb5 a6 4. Ba4 Nf6 5. 0-0 Be7 6. Re1 b5 7. Bb3 d6 8. c3 0-0 9. h3 Nb8 10. d4 Nbd7 11. Nbd2 c5 12. Bc2 Re8 13. Nf1 Bf8 14. Ng3 cxd4 15. cxd4 exd4 16. Nxd4 d5 17. exd5 Rxe1+ 18. Qxe1 Nxd5 19. Bxh7+ Kxh7 20. Qe4+ Kg8 21. Qxd5 Ra7 22. Nc6 Bb7 23. Qxf7+ Kxf7 24. Nxd8+ Kg8 25. Be3 Bc5 26. Bxc5 Nxc5 27. Rc1 Ra8 28. Rxc5 Rxd8 29. Rc7 Bd5 30. b3 Bf7 31. Ra7 Rd1+ 32. Kh2 Rd2 33. Ne4 Rxa2 34. Ng5 Be8 35. Ra8 Kf8 36. f4 Ke7 37. Ra7+ Kf6 38. Ne4+ Kg6 39. f5+ Kh7 40. Nf6+ Kh8 41. Nxe8 a5 42. f6 1-0

[Event "Rivera Huila Hernandez Memorial-B"]
[Site "Rivera Huila"]
[Date "2023.07.22"]
[Round "4"]
[White "Munoz Triana, Joseph Steve"]
[Black "Casagua, Misael"]
[Result "1-0"]
[WhiteElo "1899"]
[BlackElo "2026"]
[PlyCount "75"]
[EventDate "2023.07.20"]
[EventType "swiss"]
[EventRounds "7"]
[EventCountry "COL"]
[SourceTitle "CBM 215 Extra"]
[Source "ChessBase"]
[SourceDate "2023.09.30"]
[SourceVersion "1"]
[SourceVersionDate "2023.09.30"]
[SourceQuality "1"]

1. e4 e5 2. Nf3 Nc6 3. d4 exd4 4. Nxd4 Bc5 5. Nb3 Bb6 6. Nc3 Nf6 7. Qe2 d6 8. Bg5 a5 9. Nd5 Nd4 10. Nxd4 Bxd4 11. c3 h6 12. Bh4 g5 13. cxd4 gxh4 14. Nc3 c6 15. h3 a4 16. Rd1 Qa5 17. a3 Bd7 18. Qf3 Ke7 19. Bc4 Qh5 20. Rd3 Qxf3 21. Rxf3 Be6 22. Bxe6 fxe6 23. Rf4 Rhg8 24. 0-0 Rg5 25. Rxh4 Rag8 26. g3 h5 27. Nxa4 b5 28. Nc3 b4 29. axb4 Rb8 30. b5 cxb5 31. Ra1 Rb7 32. Ra5 Kd7 33. Rf4 Ke7 34. h4 Rg8 35. Rxb5 Rxb5 36. Nxb5 Rb8 37. Nxd6 Rxb2 38. Nc8+ 1-0

[Event "Caqueta Florencia op"]
[Site "Caqueta"]
[Date "2016.12.02"]
[Round "3"]
[White "Cadena Montoya, Gustavo Adolfo"]
[Black "Casagua, Misael"]
[Result "1-0"]
[WhiteElo "2175"]
[BlackElo "1985"]
[PlyCount "39"]
[EventDate "2016.12.01"]
[EventType "swiss"]
[EventRounds "6"]
[EventCountry "COL"]
[SourceTitle "CBM 176 Extra"]
[Source "ChessBase"]
[SourceDate "2017.03.02"]
[SourceVersion "1"]
[SourceVersionDate "2017.03.02"]
[SourceQuality "1"]

1. d4 d5 2. c4 c6 3. Nf3 Nf6 4. Nc3 dxc4 5. a4 Bf5 6. Ne5 Nbd7 7. Nxc4 Nb6 8. Ne5 a5 9. f3 Nfd7 10. Nxd7 Nxd7 11. e4 Bg6 12. Be3 e5 13. dxe5 Bb4 14. Be2 h6 15. f4 Bxe4 16. 0-0 Bc5 17. Nxe4 Bxe3+ 18. Kh1 0-0 19. Rf3 Bc5 20. Rd3 1-0

[Event "COL sub zt 2.3.4"]
[Site "La Dorada"]
[Date "2016.11.06"]
[Round "8"]
[White "Valle, Efrain"]
[Black "Casagua, Misael"]
[Result "1-0"]
[WhiteElo "2121"]
[BlackElo "1797"]
[PlyCount "77"]
[EventDate "2016.11.02"]
[EventType "swiss"]
[EventRounds "9"]
[EventCountry "COL"]
[SourceTitle "CBM 175 Extra"]
[Source "ChessBase"]
[SourceDate "2016.12.12"]
[SourceVersion "1"]
[SourceVersionDate "2016.12.12"]
[SourceQuality "1"]

1. Nf3 Nf6 2. g3 d5 3. Bg2 c6 4. 0-0 Bf5 5. d3 e6 6. h3 h6 7. Nbd2 Be7 8. Rb1 Bh7 9. b4 0-0 10. b5 Nbd7 11. bxc6 bxc6 12. c4 Qc7 13. Qc2 Rfc8 14. Nb3 Nb6 15. Bf4 Qd8 16. c5 Nbd7 17. Qc3 a5 18. a4 Ra7 19. Rb2 Ne8 20. Ra1 Bf6 21. d4 g5 22. Bd2 Rca8 23. Ne5 Qc7 24. f4 Be7 25. Ng4 Kg7 26. e4 Nf8 27. fxg5 Bxg5 28. Bxg5 hxg5 29. Qe3 Qd8 30. Nd2 Bg6 31. Ne5 Rc8 32. Rb6 Rac7 33. Nb3 f6 34. Nxg6 Nxg6 35. Nxa5 Nd6 36. cxd6 Ra7 37. Rb7+ Rxb7 38. Nxb7 Qb6 39. d7 1-0

[Event "COL sub zt 2.3.4"]
[Site "La Dorada"]
[Date "2016.11.05"]
[Round "6"]
[White "Vargas, Eduar Misael"]
[Black "Casagua, Misael"]
[Result "0-1"]
[WhiteElo "1928"]
[BlackElo "1797"]
[PlyCount "72"]
[EventDate "2016.11.02"]
[EventType "swiss"]
[EventRounds "9"]
[EventCountry "COL"]
[SourceTitle "CBM 175 Extra"]
[Source "ChessBase"]
[SourceDate "2016.12.12"]
[SourceVersion "1"]
[SourceVersionDate "2016.12.12"]
[SourceQuality "1"]

1. d4 d5 2. c4 c6 3. Nf3 Nf6 4. Nc3 dxc4 5. Ne5 Nbd7 6. Nxc4 Nb6 7. Ne5 Bf5 8. f3 Nfd7 9. Nd3 Bxd3 10. Qxd3 e5 11. dxe5 Nxe5 12. Qe4 Qe7 13. Bf4 Nec4 14. 0-0-0 Qxe4 15. Nxe4 Be7 16. Nd6+ Nxd6 17. Bxd6 Bxd6 18. Rxd6 Nd5 19. e4 Ke7 20. e5 f6 21. Bc4 fxe5 22. Rxd5 cxd5 23. Bxd5 Rac8+ 24. Kb1 Rc7 25. Be4 g6 26. g4 Rd8 27. h4 Kf6 28. h5 Kg5 29. hxg6 hxg6 30. a3 b6 31. Rh2 a6 32. Ka2 Rcd7 33. Rc2 Rd2 34. Rc6 R8d6 35. Rc8 Re2 36. Rg8 Rxe4 0-1

[Event "COL sub zt 2.3.4"]
[Site "La Dorada"]
[Date "2016.11.03"]
[Round "3"]
[White "Casagua, Misael"]
[Black "Gamboa, Jose Pompilio"]
[Result "1-0"]
[WhiteElo "1797"]
[BlackElo "1781"]
[PlyCount "95"]
[EventDate "2016.11.02"]
[EventType "swiss"]
[EventRounds "9"]
[EventCountry "COL"]
[SourceTitle "CBM 175 Extra"]
[Source "ChessBase"]
[SourceDate "2016.12.12"]
[SourceVersion "1"]
[SourceVersionDate "2016.12.12"]
[SourceQuality "1"]

1. d4 d5 2. Bf4 Nf6 3. e3 e6 4. Nd2 Nbd7 5. Bd3 Bd6 6. Ngf3 0-0 7. Ne5 Qe7 8. Qf3 c5 9. c3 cxd4 10. exd4 a6 11. Qh3 g6 12. g4 Ne8 13. Bh6 Bxe5 14. Bxf8 Qxf8 15. dxe5 Nxe5 16. Bc2 f6 17. f4 Nf7 18. Nf3 e5 19. fxe5 fxe5 20. 0-0-0 e4 21. Nd4 Nf6 22. Rdg1 Ne5 23. Qg3 Nexg4 24. Rf1 Qh6+ 25. Kb1 Ne8 26. Bb3 Ne3 27. Re1 Nc4 28. Bxc4 dxc4 29. Rxe4 Ng7 30. Rf1 Qh3 31. Qxh3 Bxh3 32. Rf2 b5 33. Kc1 Nf5 34. Ne2 Ng7 35. Nf4 Bf5 36. Re7 Rb8 37. Nd5 a5 38. Ra7 b4 39. Rxa5 bxc3 40. Nxc3 Bd3 41. Nd5 Nf5 42. Ra7 Rf8 43. a4 Be4 44. Nc3 Ra8 45. Rxa8+ Bxa8 46. Rd2 Kf7 47. Rd7+ Ne7 48. a5 1-0

[Event "COL sub zt 2.3.4"]
[Site "La Dorada"]
[Date "2016.11.03"]
[Round "2"]
[White "Sanchez Bonilla, John Henry"]
[Black "Casagua, Misael"]
[Result "1-0"]
[WhiteElo "1893"]
[BlackElo "1797"]
[PlyCount "45"]
[EventDate "2016.11.02"]
[EventType "swiss"]
[EventRounds "9"]
[EventCountry "COL"]
[SourceTitle "CBM 175 Extra"]
[Source "ChessBase"]
[SourceDate "2016.12.12"]
[SourceVersion "1"]
[SourceVersionDate "2016.12.12"]
[SourceQuality "1"]

1. d4 d5 2. Nf3 Nf6 3. Bf4 e6 4. Nbd2 c5 5. e3 Bd6 6. Bg5 0-0 7. c3 Nc6 8. Bd3 e5 9. Nxe5 Nxe5 10. dxe5 Bxe5 11. Qb1 h6 12. Bh4 b6 13. Bf5 Bb7 14. 0-0 Re8 15. Nf3 Bc7 16. Rd1 Qe7 17. Qc1 Rad8 18. Qc2 g6 19. Bxg6 fxg6 20. Qxg6+ Qg7 21. Qxf6 Qxf6 22. Bxf6 Rd7 23. Bh4 1-0

[Event "COL-ch U2000"]
[Site "Medellin"]
[Date "2016.??.??"]
[Round "8.33"]
[White "Gutierrez Pinzon, Cristian Gustavo"]
[Black "Casagua, Misael"]
[Result "0-1"]
[WhiteElo "1949"]
[BlackElo "1826"]
[PlyCount "20"]
[EventDate "2016.02.29"]
[EventType "swiss"]
[EventRounds "9"]
[EventCountry "COL"]
[SourceTitle "EXT 2024"]
[Source "ChessBase"]
[SourceDate "2023.10.10"]
[SourceVersion "1"]
[SourceVersionDate "2023.10.10"]
[SourceQuality "1"]

1. e4 e5 2. Nf3 Nc6 3. d4 exd4 4. Nxd4 Bc5 5. Be3 Qf6 6. c3 Nge7 7. Bc4 0-0 8. 0-0 d6 9. Na3 Qg6 10. Nac2 Bh3 0-1

[Event "COL-ch Amateur"]
[Site "Villavicencio"]
[Date "2015.02.21"]
[Round "7"]
[White "Casagua, Misael"]
[Black "Mesa, Francisco Alonso Jr"]
[Result "0-1"]
[WhiteElo "1751"]
[BlackElo "1943"]
[PlyCount "40"]
[EventDate "2015.02.18"]
[EventType "swiss"]
[EventRounds "9"]
[EventCountry "COL"]
[SourceTitle "CBM 165 Extra"]
[Source "ChessBase"]
[SourceDate "2015.04.21"]
[SourceVersion "1"]
[SourceVersionDate "2015.04.21"]
[SourceQuality "1"]

1. d4 Nf6 2. Nf3 e6 3. Bf4 c5 4. e3 Nc6 5. Nbd2 d5 6. c3 Be7 7. Bd3 c4 8. Bc2 b5 9. Ne5 Bb7 10. 0-0 Nd7 11. Qg4 Ndxe5 12. dxe5 g6 13. Rfe1 h5 14. Qe2 g5 15. b3 gxf4 16. exf4 cxb3 17. axb3 Qb6 18. f5 0-0-0 19. f6 Bf8 20. Nf3 d4 0-1

[Event "Neiva op 15th"]
[Site "Neiva"]
[Date "2014.11.15"]
[Round "2"]
[White "Casagua, Misael"]
[Black "Polo, Victor Ramon"]
[Result "1/2-1/2"]
[WhiteElo "1622"]
[BlackElo "2148"]
[PlyCount "46"]
[EventDate "2014.11.14"]
[EventType "swiss"]
[EventRounds "7"]
[EventCountry "COL"]
[SourceTitle "CBM 163 Extra"]
[Source "ChessBase"]
[SourceDate "2014.12.23"]
[SourceVersion "1"]
[SourceVersionDate "2014.12.23"]
[SourceQuality "1"]

1. d4 d6 2. Bf4 Nd7 3. Nf3 g6 4. Nc3 Bg7 5. Qd2 e5 6. dxe5 dxe5 7. Qe3 f6 8. 0-0-0 Ne7 9. Bg3 c6 10. Ne4 Nf5 11. Qb3 Qe7 12. Nh4 Nc5 13. Nxc5 Qxc5 14. Nxf5 Bxf5 15. e4 Bxe4 16. Bc4 Qe7 17. f4 Bf5 18. fxe5 fxe5 19. Rhe1 b5 20. Bd3 0-0-0 21. Qc3 Bxd3 22. Qxc6+ Qc7 23. Qa8+ Qb8 1/2-1/2

[Event "Neiva op 15th"]
[Site "Neiva"]
[Date "2014.11.14"]
[Round "1"]
[White "Puentes, Alvaro"]
[Black "Casagua, Misael"]
[Result "0-1"]
[WhiteElo "2112"]
[BlackElo "1622"]
[PlyCount "82"]
[EventDate "2014.11.14"]
[EventType "swiss"]
[EventRounds "7"]
[EventCountry "COL"]
[SourceTitle "CBM 163 Extra"]
[Source "ChessBase"]
[SourceDate "2014.12.23"]
[SourceVersion "1"]
[SourceVersionDate "2014.12.23"]
[SourceQuality "1"]

1. e4 Nf6 2. e5 Nd5 3. Bc4 Nb6 4. Bb3 d5 5. d4 Bf5 6. Nf3 e6 7. 0-0 Be7 8. c3 0-0 9. Re1 c5 10. Nbd2 Nc6 11. Nf1 Rc8 12. Ng3 Bg6 13. Be3 cxd4 14. Bxd4 Nd7 15. Bc2 Bxc2 16. Qxc2 b5 17. Rad1 a5 18. Qd2 Re8 19. Qf4 Nf8 20. Qg4 Ng6 21. Nh5 b4 22. g3 bxc3 23. bxc3 Qc7 24. Re2 Na7 25. h4 Qc4 26. Nd2 Qa4 27. Nb3 Nb5 28. Rd3 Nxc3 29. Rc2 Nb5 30. Rxc8 Rxc8 31. Qe2 Qc4 32. Bb2 a4 33. Nd4 a3 34. Ba1 Nxd4 35. Bxd4 Rb8 36. Rd2 Rb1+ 37. Kg2 Qc1 38. Kf3 Qh1+ 39. Kg4 Re1 40. Qb5 Qe4+ 41. Nf4 Nxf4 0-1

[Event "Huila op 3rd"]
[Site "Huila"]
[Date "2013.11.18"]
[Round "6.3"]
[White "Yosa, Jhonny"]
[Black "Casagua, Misael"]
[Result "0-1"]
[WhiteElo "1689"]
[BlackElo "1622"]
[PlyCount "54"]
[EventDate "2013.11.15"]
[EventType "swiss"]
[EventRounds "6"]
[EventCountry "COL"]
[SourceTitle "EXT 2024"]
[Source "ChessBase"]
[SourceDate "2023.10.10"]
[SourceVersion "1"]
[SourceVersionDate "2023.10.10"]
[SourceQuality "1"]

1. e4 Nf6 2. e5 Nd5 3. Na3 Nb6 4. Nf3 g6 5. Nc4 Bg7 6. b3 Nxc4 7. bxc4 d6 8. d4 Nc6 9. Bf4 Bg4 10. Be2 0-0 11. exd6 cxd6 12. c3 e5 13. Bg5 Qa5 14. Bd2 Qc7 15. Be3 Na5 16. Nd2 Be6 17. d5 Bd7 18. 0-0 Rac8 19. Rb1 b6 20. Qc2 Bf5 21. Bd3 Bxd3 22. Qxd3 f5 23. f4 e4 24. Qc2 Nxc4 25. Bd4 Na3 26. Qb2 Nxb1 27. Bxg7 Nxd2 0-1